Di su nombre /

Di su nombre es una novela autobiográfica en la que el periodista y escritor Francisco Goldman, recupera su relación y matrimonio con Aura Estrada, una joven narradora mexicana. El libro es, a la vez, un homenaje a Aura, que la historia de la evolución y el desenlace de su vida, que terminó en 2007,...

Descrizione completa

Salvato in:
Dettagli Bibliografici
Autore principale: Goldman, Francisco (autor)
Natura: Libro
Lingua:spagnolo
Pubblicazione: México : Sexto Piso, 2012, c2012
Soggetti:
Tags: Aggiungi Tag
Nessun Tag, puoi essere il primo ad aggiungerne!!

MARC

LEADER 00000nam^a2200000^a^4500
001 000339872
005 20250521000000.0
008 140320 20122012
009 20260526141106.215
020 |a 978-84-15601-15-9 
037 |a Acervo ITESO - Biblioteca 
041 |a ESP 
082 |a 813.  |b GOL 
100 |a Goldman, Francisco  |e (autor) 
240 1 1 |a [Di su nombre] 
245 1 0 |a Di su nombre /  |c F. Goldman ; tr. por Roberto Frías. 
264 4 |a México :  |b Sexto Piso,  |c 2012, c2012 
300 |a 430 p. 
336 |a texto  |b txt  |2 rdacontenido 
337 |a sin mediación  |b n  |2 rdamedio 
338 |a volumen  |b nc  |2 rdasoporte 
500 |a Traducción de: Say Her Name 
520 |a Di su nombre es una novela autobiográfica en la que el periodista y escritor Francisco Goldman, recupera su relación y matrimonio con Aura Estrada, una joven narradora mexicana. El libro es, a la vez, un homenaje a Aura, que la historia de la evolución y el desenlace de su vida, que terminó en 2007, tras accidentarse en una playa oaxaqueña, donde la pareja vacacionaba. En el mismo tenor, Goldman publica luego El circuito interior, por igual las memorias de su duelo, que la crónica de la caótica y atractiva Ciudad de México en que se mueve. 
649 |a XX 
650 |a Escritores Norteamericanos -  |x Memorias 
650 |a Periodistas Norteamericanos -  |x Memorias 
650 |a Memorias Norteamericanas 
650 |a Novela Norteamericana 
650 |a Narrativa de No Ficción Norteamericana 
650 |a Literatura Norteamericana -  |y Siglo XXI 
650 |a Literatura Autobiográfica -  |z EUA 
650 |a Estrada, Aura -  |x Tema Principal 
650 |a Goldman, Francisco -  |x Tema Principal 
910 |a Fondo General 
920 |a Impresos - Libros 
930 |a Colección General 
940 |a Literatura 
905 |a 101 
901 |a 0500229946  |b IT1  |c LIT  |i C139998  |u 20250521 
902 |a https://opac.biblio.iteso.mx/vufind/Record/000339872